|
|
|
|
| LEADER |
00000nab a2200000 ar4500 |
| 001 |
vtls009526934 |
| 003 |
SK-MaSNL |
| 005 |
20260303060619.0 |
| 008 |
090617c2008 xo mr|p|||||||000 b|slo |
| 015 |
|
|
|a SNBRB2009/06
|2 snkbucl
|
| 038 |
|
|
|a SNKBUCL
|
| 040 |
|
|
|a SNKBUCL
|b slo
|c SNKBUCL
|e AACR2
|
| 041 |
0 |
|
|a slo
|
| 044 |
|
|
|a xo
|c SK
|
| 080 |
|
|
|a 264-932
|2 1997
|
| 080 |
|
|
|a 246
|2 1997
|
| 100 |
1 |
|
|a Németh, Sándor
|4 aut
|9 295657
|
| 245 |
1 |
0 |
|a Radujte sa!
|c Sándor Németh
|
| 300 |
|
|
|b Fotogr.
|
| 650 |
0 |
7 |
|a kríž (kresťanský symbol)
|2 snkbucl
|9 1949
|
| 773 |
0 |
|
|t Logos
|g Roč. V, č. 12 (2008), s. 12-19
|x 1336-7331
|
| 852 |
|
|
|a SNK
|b KIS3GCP
|
| 999 |
|
|
|c 1732113
|d 1734043
|